[Event "SR 2. liga A 2016/2017"]
[Site "?"]
[Date "2017.11.25"]
[Round "3.5"]
[White "Bincik, Pavol"]
[Black "Janos, Ivan"]
[Result "0-1"]
[WhiteElo "1950"]
[BlackElo "2070"]
[PlyCount "60"]
[EventDate "2017.??.??"]
[WhiteTeam "SK Lowe Piestany"]
[BlackTeam "SK Krasnany"]

1. d4 Nf6 2. c4 e6 3. Nf3 c5 4. d5 exd5 5. cxd5 d6 6. Nc3 g6 7. e4 a6 8. a4 Bg7
9. Bd3 Nbd7 10. h3 Nh5 11. Bg5 Qb6 12. Qd2 h6 13. Be3 g5 14. a5 Qd8 15. Na4 Rb8
16. O-O Ne5 17. Nxe5 Bxe5 18. Qe2 Nf4 19. Bxf4 Bxf4 20. Qh5 Qf6 21. g3 Be5 22.
Nb6 Bxb2 23. Rab1 O-O 24. Nc4 Bd4 25. Kg2 {(=)} Bd7 26. f4 Bb5 27. e5 Qg7 28.
fxg5 Bxc4 29. Bxc4 Bxe5 30. gxh6 Qxg3+ 0-1

[Event "SR 2. liga A 2016/2017"]
[Site "?"]
[Date "2017.11.25"]
[Round "3.5"]
[White "Danek, Pavol"]
[Black "Mihalik, Marek"]
[Result "1-0"]
[WhiteElo "2214"]
[BlackElo "2016"]
[PlyCount "135"]
[EventDate "2017.??.??"]
[WhiteTeam "SK Krasnany"]
[BlackTeam "SK Lowe Piestany"]

1. d4 Nf6 2. Nf3 e6 3. Bg5 c5 4. e3 h6 5. Bxf6 Qxf6 6. Bd3 Nc6 7. c3 d5 8. O-O
Bd6 9. Nbd2 O-O 10. dxc5 Bxc5 11. e4 d4 12. Nb3 Bb6 13. cxd4 Nxd4 14. Nbxd4
Bxd4 15. Qe2 Be5 16. Rad1 b6 17. Nxe5 Qxe5 18. f4 Qc5+ 19. Kh1 e5 20. f5 Rd8
21. Rc1 Qf8 22. Bc4 Bb7 23. f6 g6 24. Qg4 Kh7 25. Bb3 Rac8 26. Rxc8 Bxc8 27.
Qg3 Qe8 28. h3 Be6 29. Rc1 Bxb3 30. Qxb3 Rd6 31. Rc7 Rxf6 32. Rxa7 Qe6 33. Qxe6
Rxe6 34. Rxf7+ Kg8 35. Rb7 Rc6 36. Kh2 h5 37. Kg3 g5 38. Kf3 Re6 39. Ke3 Kf8
40. g3 g4 41. Rh7 Rf6 42. Rxh5 Rf3+ 43. Ke2 Rxg3 44. hxg4 Rg2+ 45. Kf3 Rxb2 46.
Rxe5 Rxa2 47. Rb5 Ra6 48. Kf4 Ke7 49. Ke5 Kf7 50. Kf5 Ke7 51. e5 Kf7 52. g5 Ke7
53. g6 Ra1 54. Rxb6 Rf1+ 55. Kg5 Rg1+ 56. Kh6 Rh1+ 57. Kg7 Re1 58. Rb5 Rg1 59.
Kh7 Rh1+ 60. Kg8 Ke6 61. g7 Ke7 62. Rb6 Rh2 63. Rb7+ Ke8 64. e6 Rh1 65. e7 Rg1
66. Rb8+ Kxe7 67. Rb3 Ra1 68. Rh3 1-0

[Event "SR 2. liga A 2016/2017"]
[Site "?"]
[Date "2017.11.25"]
[Round "3.5"]
[White "Manak, Jozef"]
[Black "Povysil, Peter"]
[Result "1/2-1/2"]
[WhiteElo "1969"]
[BlackElo "1981"]
[PlyCount "44"]
[EventDate "2017.??.??"]
[WhiteTeam "SK Lowe Piestany"]
[BlackTeam "SK Krasnany"]

1. d4 Nf6 2. Bf4 d6 3. Nc3 g6 4. e4 Bg7 5. Qd2 O-O 6. Bh6 c5 7. Bxg7 Kxg7 8.
Nf3 cxd4 9. Nxd4 Nc6 10. Nb3 Be6 11. O-O-O Rc8 12. f3 Ne5 13. Nd4 Qa5 14. Nxe6+
fxe6 15. Qd4 Kg8 16. Qa4 Qc5 17. Qd4 Nfd7 18. Qxc5 Rxc5 19. Nb5 a6 20. Nd4 Rfc8
21. Rd2 Kf7 22. a4 Nf6 1/2-1/2

[Event "SR 2. liga A 2016/2017"]
[Site "?"]
[Date "2017.11.25"]
[Round "3.5"]
[White "Mandak, Miroslav"]
[Black "Slaba, Andrea"]
[Result "0-1"]
[WhiteElo "1973"]
[BlackElo "1845"]
[PlyCount "156"]
[EventDate "2017.??.??"]
[WhiteTeam "SK Krasnany"]
[BlackTeam "SK Lowe Piestany"]

1. e4 e6 2. d3 d5 3. Nd2 c5 4. c3 Nc6 5. Ngf3 Nf6 6. Be2 Be7 7. O-O Qc7 8. Re1
O-O 9. Qc2 e5 10. Nf1 Rd8 11. Ng3 g6 12. Bg5 Be6 13. h3 Kg7 14. Qc1 Ng8 15.
Bxe7 Qxe7 16. Bf1 d4 17. Ng5 h6 18. Nxe6+ Qxe6 19. f4 exf4 20. Qxf4 Qe5 21.
Qxe5+ Nxe5 22. c4 h5 23. Red1 Rab8 24. b3 Ne7 25. Be2 h4 26. Nh1 b5 27. cxb5
Rxb5 28. Rdc1 N7c6 29. Nf2 Nb4 30. Kf1 Rd6 31. a4 Ra5 32. Rab1 Na2 33. Rc2 Nc3
34. Ra1 Rb6 35. Rb2 Rxa4 36. Rxa4 Nxa4 37. Ra2 Nc3 38. Rxa7 Rxb3 39. Ra1 Nxe2
40. Kxe2 Rb2+ 41. Kf1 c4 42. dxc4 Nxc4 43. Rc1 Ne3+ 44. Kg1 Kf6 45. Rc6+ Kg7
46. Rc1 Ra2 47. Rb1 Kf6 48. Ng4+ Nxg4 49. hxg4 d3 50. Rd1 d2 51. Kf2 Ke5 52.
Ke3 Ra3+ 53. Kxd2 Kxe4 54. Ke2 Rg3 55. Kf2 Rxg4 56. Ra1 Rf4+ 57. Kg1 Kf5 58.
Kh2 Kg4 59. Ra6 g5 60. Ra1 f5 61. Rb1 Rf2 62. Kg1 Ra2 63. Rb3 Ra1+ 64. Kh2 Rf1
65. Ra3 f4 66. Ra4 Re1 67. Rb4 Re3 68. Ra4 h3 69. Ra2 Rg3 70. gxh3+ Rxh3+ 71.
Kg1 f3 72. Ra4+ Kg3 73. Ra3 Rh4 74. Rb3 Ra4 75. Rb1 g4 76. Kh1 Ra2 77. Rg1+ Kh3
78. Rb1 Rh2+ 0-1

[Event "SR 2. liga A 2016/2017"]
[Site "?"]
[Date "2017.11.25"]
[Round "3.5"]
[White "Podjavorinsky, Michal"]
[Black "Zacik, Anton"]
[Result "0-1"]
[WhiteElo "1885"]
[BlackElo "1868"]
[PlyCount "124"]
[EventDate "2017.??.??"]
[WhiteTeam "SK Lowe Piestany"]
[BlackTeam "SK Krasnany"]

1. e4 c5 2. Nc3 Nc6 3. d3 d6 4. g3 g6 5. Bg2 Bg7 6. Be3 e6 7. Qd2 Nd4 8. Nd1
Rb8 9. c3 Nc6 10. Ne2 Nge7 11. Bh6 O-O 12. Bxg7 Kxg7 13. O-O d5 14. Ne3 dxe4
15. Bxe4 e5 16. f4 f5 17. Bg2 e4 18. Rad1 exd3 19. Qxd3 Be6 20. c4 Qxd3 21.
Rxd3 Rfd8 22. Rfd1 Rxd3 23. Rxd3 Rd8 24. Rxd8 Nxd8 25. Nc3 Nec6 26. Nb5 b6 27.
Nd5 Bd7 28. Kf2 Ne6 29. Ndc3 Ned4 30. Bxc6 Nxc6 31. Nd5 Kf7 32. Ke3 Na5 33. Kd3
Bxb5 34. cxb5 Nb7 35. a4 Ke6 36. Nc7+ Kd6 37. Na6 Na5 38. b4 cxb4 39. Nxb4 Nb7
40. Nc6 Nc5+ 41. Kd4 a5 42. h4 Nxa4 43. Ne5 Nc5 44. Nc4+ Kc7 45. h5 Ne4 46.
hxg6 hxg6 47. Ke5 Nxg3 48. Kf6 Ne2 49. Kxg6 Nxf4+ 50. Kxf5 Nd5 51. Ke5 Nc3 52.
Na3 Nxb5 53. Nxb5+ Kc6 54. Nd4+ Kc5 55. Ke4 Kc4 56. Ke3 a4 57. Nc2 Kb3 58. Kd2
a3 59. Nd4+ Kb2 60. Kd3 a2 61. Nc2 b5 62. Kd2 b4 0-1

[Event "SR 2. liga A 2016/2017"]
[Site "?"]
[Date "2017.11.25"]
[Round "3.6"]
[White "Pisk, Petr"]
[Black "Lanc, Alois"]
[Result "1/2-1/2"]
[WhiteElo "2336"]
[BlackElo "2307"]
[PlyCount "25"]
[EventDate "2017.??.??"]
[WhiteTeam "SK Modra B"]
[BlackTeam "Lokomotiva Trnava B"]

1. Nf3 Nf6 2. d4 g6 3. Bg5 Ne4 4. Bf4 Bg7 5. Nbd2 Nxd2 6. Qxd2 c5 7. c3 cxd4 8.
cxd4 d6 9. h3 Qb6 10. e4 O-O 11. Be3 d5 12. e5 Bf5 13. Be2 1/2-1/2

[Event "SR 2. liga A 2016/2017"]
[Site "?"]
[Date "2017.11.25"]
[Round "3.6"]
[White "Kovacocy, Pavol"]
[Black "Federic, Jozef"]
[Result "1/2-1/2"]
[WhiteElo "2254"]
[BlackElo "2244"]
[PlyCount "35"]
[EventDate "2017.??.??"]
[WhiteTeam "Lokomotiva Trnava B"]
[BlackTeam "SK Modra B"]

1. e4 c5 2. Nf3 e6 3. d4 cxd4 4. Nxd4 Nc6 5. Nc3 Qc7 6. g3 a6 7. Bg2 Nf6 8. O-O
h5 9. h3 Nxd4 10. Qxd4 Bc5 11. Qd3 d6 12. Na4 Ba7 13. Be3 Bd7 14. Nc3 Bxe3 15.
Qxe3 O-O 16. Rad1 Rfd8 17. Rd2 Rac8 18. Rfd1 1/2-1/2

[Event "SR 2. liga A 2016/2017"]
[Site "?"]
[Date "2017.11.25"]
[Round "3.6"]
[White "Dugovic, Branislav"]
[Black "Kavon, Rastislav"]
[Result "1/2-1/2"]
[WhiteElo "2185"]
[BlackElo "2243"]
[PlyCount "54"]
[EventDate "2017.??.??"]
[WhiteTeam "SK Modra B"]
[BlackTeam "Lokomotiva Trnava B"]

1. Nf3 Nf6 2. b3 g6 3. Bb2 Bg7 4. g3 O-O 5. Bg2 d5 6. c4 c6 7. O-O Bg4 8. d4
Bxf3 9. Bxf3 e6 10. Nc3 Nbd7 11. e3 Qa5 12. cxd5 cxd5 13. Qe2 Rfc8 14. Rfc1 a6
15. Rc2 Rc6 16. Rac1 Bf8 17. Na4 Rxc2 18. Qxc2 Bd6 19. Qc3 Qxc3 20. Rxc3 Kf8
21. Rc2 Ke7 22. Kf1 h5 23. Be2 h4 24. Bd3 hxg3 25. hxg3 Ng4 26. Be2 Ngf6 27.
Bf3 Nh7 1/2-1/2

[Event "SR 2. liga A 2016/2017"]
[Site "?"]
[Date "2017.11.25"]
[Round "3.6"]
[White "Nicolini, Alexander"]
[Black "Mydlarik, Martin"]
[Result "1-0"]
[WhiteElo "2148"]
[BlackElo "2083"]
[PlyCount "141"]
[EventDate "2017.??.??"]
[WhiteTeam "Lokomotiva Trnava B"]
[BlackTeam "SK Modra B"]

1. e4 e6 2. Qe2 c5 3. Nf3 Nc6 4. g3 d6 5. Bg2 Qc7 6. O-O Nf6 7. c3 Be7 8. d4
cxd4 9. cxd4 d5 10. e5 Nd7 11. Nc3 O-O 12. Be3 a6 13. Rac1 f6 14. exf6 Nxf6 15.
Rfe1 Bd6 16. Qd3 Bd7 17. Ng5 g6 18. Nh3 Nh5 19. Bh6 Ng7 20. Ne2 Qb6 21. Bf4 Be7
22. Bg5 Bb4 23. Red1 Qb5 24. a3 Qxd3 25. Rxd3 Ba5 26. Bf4 Rac8 27. Ng5 Nf5 28.
Nf3 Na7 29. Rdd1 Bb6 30. Nc3 Nb5 31. Nxb5 Bxb5 32. Bf1 Rxc1 33. Rxc1 Bxf1 34.
Kxf1 Nxd4 35. Ne5 Bd8 36. Bh6 Rf5 37. Rc8 Rxe5 38. Rxd8+ Kf7 39. Rd7+ Ke8 40.
Rxb7 Nf5 41. Bd2 d4 42. Rb6 Kd7 43. Rxa6 d3 44. g4 Nh4 45. Be3 Nf3 46. Ra7+ Kc6
47. Rxh7 Re4 48. Rh3 Ne5 49. b3 Nxg4 50. Ke1 Re5 51. Kd2 Nxf2 52. Rf3 Ne4+ 53.
Kxd3 Nc5+ 54. Bxc5 Kxc5 55. Rg3 g5 56. Rg4 Rd5+ 57. Kc3 Rf5 58. Rc4+ Kb5 59.
a4+ Ka5 60. Re4 e5 61. Kc4 Kb6 62. Kd5 Rf3 63. Rb4+ Ka6 64. Kxe5 g4 65. Rxg4
Rxb3 66. h4 Rb8 67. h5 Ka5 68. Rh4 Rc8 69. h6 Re8+ 70. Kd6 Rh8 71. h7 1-0

[Event "SR 2. liga A 2016/2017"]
[Site "?"]
[Date "2017.11.25"]
[Round "3.6"]
[White "Bartos, Miloslav"]
[Black "Liptak, Dusan"]
[Result "0-1"]
[WhiteElo "2129"]
[BlackElo "2111"]
[PlyCount "104"]
[EventDate "2017.??.??"]
[WhiteTeam "SK Modra B"]
[BlackTeam "Lokomotiva Trnava B"]

1. e4 c5 2. Nf3 d6 3. Bb5+ Bd7 4. Bxd7+ Qxd7 5. O-O Nf6 6. Re1 Nc6 7. d4 cxd4
8. Nxd4 g6 9. c3 Bg7 10. Nd2 O-O 11. Nxc6 bxc6 12. Qa4 Qc7 13. Nf3 Rab8 14. Re2
Rb7 15. Qc2 Nd7 16. Be3 c5 17. Rc1 Rfb8 18. b3 a5 19. Qd1 a4 20. Nd2 axb3 21.
axb3 Ne5 22. Qc2 Ra8 23. f4 Ng4 24. Qd3 Ra2 25. h3 Nxe3 26. Rxe3 c4 27. Nxc4
Rxb3 28. Rf3 Qc5+ 29. Kh2 Qb5 30. Qd5 Qxd5 31. exd5 Rb5 32. Rd3 Ra4 33. Ne3
Rxf4 34. c4 Rb2 35. Nd1 Be5 36. Kg1 Ra2 37. g3 Bd4+ 38. Ne3 Re4 39. Re1 Ra4 40.
Kf1 Bc5 41. Re2 Bxe3 42. Rdxe3 Rxe3 43. Rxe3 Rxc4 44. Rxe7 Rd4 45. Kf2 Rxd5 46.
Kf3 Rd3+ 47. Kf4 Kg7 48. h4 Kf6 49. Re8 h5 50. Re4 Rd5 51. Re8 Rf5+ 52. Ke3
Re5+ 0-1

[Event "SR 2. liga A 2016/2017"]
[Site "?"]
[Date "2017.11.25"]
[Round "3.6"]
[White "Puchart, Vladimir"]
[Black "Sobek, Michal"]
[Result "1-0"]
[WhiteElo "2095"]
[BlackElo "1880"]
[PlyCount "75"]
[EventDate "2017.??.??"]
[WhiteTeam "Lokomotiva Trnava B"]
[BlackTeam "SK Modra B"]

1. d4 Nf6 2. c4 c5 3. d5 b5 4. g3 bxc4 5. Bg2 Bb7 6. e4 d6 7. Nc3 Nbd7 8. f4
Nb6 9. Nf3 g6 10. O-O Bg7 11. Kh1 O-O 12. Be3 Qc7 13. Qe2 a5 14. Rad1 Rfd8 15.
Bc1 Qd7 16. Ng5 h6 17. Nxf7 Kxf7 18. e5 Nfxd5 19. Nxd5 Nxd5 20. Bxd5+ e6 21. f5
gxf5 22. Bg2 Bxg2+ 23. Qxg2 d5 24. g4 Ra6 25. Qh3 Bxe5 26. gxf5 Ke7 27. Qxh6
Kd6 28. Bf4 Bxf4 29. Qxf4+ Kc6 30. fxe6 Qxe6 31. Rde1 Qd6 32. Qf7 Rb6 33. Rf6
d4 34. Rxd6+ Rxd6 35. Qe8+ Kb7 36. Re7+ Ka6 37. a4 Rxb2 38. Qa8+ 1-0

[Event "SR 2. liga A 2016/2017"]
[Site "?"]
[Date "2017.11.25"]
[Round "3.6"]
[White "Mruskovic, Radoslav"]
[Black "Stetina, Erik"]
[Result "0-1"]
[WhiteElo "2018"]
[BlackElo "1995"]
[PlyCount "88"]
[EventDate "2017.??.??"]
[WhiteTeam "SK Modra B"]
[BlackTeam "Lokomotiva Trnava B"]

1. d4 Nf6 2. c4 c5 3. d5 b5 4. b3 e6 5. dxe6 fxe6 6. Qc2 Bb7 7. Nd2 Qa5 8. f3
bxc4 9. bxc4 Na6 10. e4 Be7 11. e5 Nh5 12. Nh3 O-O 13. Bd3 Bh4+ 14. Ke2 g6 15.
Be4 Nb4 16. Qc3 d5 17. exd6 Bf6 18. Qe3 Bxe4 19. Nxe4 Bxa1 20. a3 Nc2 21. Qd3
Nd4+ 22. Kf2 Nc6 23. Bd2 Bd4+ 24. Ke2 Qa6 25. f4 e5 26. Nxc5 Bxc5 27. Qd5+ Rf7
28. Qxc5 Qb6 29. Qxb6 axb6 30. Bb4 Nxb4 31. axb4 Ra2+ 32. Ke3 Nxf4 33. Ke4 Re2+
34. Kf3 Rc2 35. Ng5 Rd7 36. Ne4 Kf7 37. c5 bxc5 38. b5 Rb2 39. Ng5+ Kf6 40.
Ne4+ Kg7 41. Rd1 Rb3+ 42. Kg4 h5+ 43. Kh4 Rxb5 44. g3 Rb4 0-1

[Event "SR 2. liga A 2016/2017"]
[Site "?"]
[Date "2017.11.25"]
[Round "3.6"]
[White "Szitkey, Milan"]
[Black "Sustak, Roman"]
[Result "1-0"]
[WhiteElo "2074"]
[BlackElo "1936"]
[PlyCount "43"]
[EventDate "2017.??.??"]
[WhiteTeam "Lokomotiva Trnava B"]
[BlackTeam "SK Modra B"]

1. e4 e6 2. d4 d5 3. Nd2 Nf6 4. e5 Nfd7 5. c3 c5 6. Bd3 Nc6 7. Ne2 Be7 8. O-O
O-O 9. Nf3 f6 10. exf6 Nxf6 11. Re1 Bd6 12. Bf4 Qc7 13. g3 e5 14. dxe5 Nxe5 15.
Nxe5 Bxe5 16. Bxe5 Qxe5 17. Nf4 Qc7 18. Nxd5 Nxd5 19. Bc4 Kh8 20. Qxd5 Bg4 21.
Qg5 Bf5 22. Re7 1-0

[Event "SR 2. liga A 2016/2017"]
[Site "?"]
[Date "2017.11.26"]
[Round "4.1"]
[White "Schwarz, Dusan"]
[Black "Farkas, Gabor"]
[Result "0-1"]
[WhiteElo "2284"]
[BlackElo "2378"]
[PlyCount "74"]
[EventDate "2017.??.??"]
[WhiteTeam "SK Doprastav Bratislava A"]
[BlackTeam "SK Senec"]

1. Nf3 Nf6 2. c4 c6 3. d4 d5 4. Nc3 e6 5. Bg5 dxc4 6. e4 b5 7. e5 h6 8. Bh4 g5
9. Nxg5 hxg5 10. Bxg5 Nbd7 11. exf6 Bb7 12. g3 Qb6 13. Bg2 O-O-O 14. O-O c5 15.
d5 b4 16. Na4 Qb5 17. a3 Nb8 18. axb4 cxb4 19. Qd4 Nc6 20. dxc6 Rxd4 21. cxb7+
Kb8 22. Be3 e5 23. Rfd1 Rxd1+ 24. Rxd1 Bd6 25. Nb6 c3 26. b3 axb6 27. Rxd6 Kc7
28. Rd5 Qe2 29. Rxe5 Qd1+ 30. Bf1 Rd8 31. Re7+ Rd7 32. Rxd7+ Qxd7 33. Ba6 Qd6
34. Kf1 c2 35. Bc4 Kxb7 36. Bxf7 Qc6 37. Bc4 Qh1+ 0-1

[Event "SR 2. liga A 2016/2017"]
[Site "?"]
[Date "2017.11.26"]
[Round "4.1"]
[White "Balogh, Peter"]
[Black "Sahidi, Samir"]
[Result "1/2-1/2"]
[WhiteElo "2282"]
[BlackElo "2250"]
[PlyCount "133"]
[EventDate "2017.??.??"]
[WhiteTeam "SK Senec"]
[BlackTeam "SK Doprastav Bratislava A"]

1. d4 Nf6 2. c4 g6 3. Nc3 Bg7 4. e4 d6 5. f3 e5 6. d5 O-O 7. Be3 Nh5 8. Qd2 f5
9. O-O-O fxe4 10. fxe4 Nd7 11. Nh3 Ndf6 12. Nf2 a6 13. Kb1 Qe8 14. g3 Ng4 15.
Nxg4 Bxg4 16. Be2 Qd7 17. Bxg4 Qxg4 18. Qe2 Qxe2 19. Nxe2 Rf3 20. Bg5 h6 21.
Bc1 Nf6 22. Nc3 Ng4 23. Rd2 Raf8 24. Nd1 Kh7 25. Re2 Rf1 26. Rxf1 Rxf1 27. h3
Nf6 28. Kc2 Rf3 29. Re3 Rxe3 30. Bxe3 Nxe4 31. g4 Bf8 32. Kd3 Nf6 33. Nc3 Kg7
34. Ne4 Nd7 35. h4 Be7 36. g5 hxg5 37. hxg5 Kf7 38. b4 Bd8 39. a4 Ke7 40. b5
axb5 41. axb5 c6 42. bxc6 bxc6 43. Bd2 cxd5 44. cxd5 Bb6 45. Bb4 Bc5 46. Ba5
Ba3 47. Bc7 Nc5+ 48. Nxc5 Bxc5 49. Ba5 Kd7 50. Ke4 Ba3 51. Bd2 Kc7 52. Be3 Kb7
53. Kd3 Ka6 54. Kc4 Ka5 55. Bd2+ Ka4 56. Be3 Bb4 57. Bb6 Ba5 58. Be3 Bd8 59.
Bd2 Bc7 60. Bb4 e4 61. Bd2 Bb6 62. Bb4 Be3 63. Bxd6 Bxg5 64. Bc5 Bf6 65. Bd4
Be7 66. Be3 Ka5 67. Kd4 1/2-1/2

[Event "SR 2. liga A 2016/2017"]
[Site "?"]
[Date "2017.11.26"]
[Round "4.1"]
[White "Komora, Andrej"]
[Black "Koloditsova, Renata"]
[Result "1-0"]
[WhiteElo "2282"]
[BlackElo "1976"]
[PlyCount "31"]
[EventDate "2017.??.??"]
[WhiteTeam "SK Doprastav Bratislava A"]
[BlackTeam "SK Senec"]

1. f4 d5 2. g3 Nf6 3. Nf3 c5 4. Bg2 Nc6 5. O-O Bf5 6. d3 Qd7 7. Ne5 Nxe5 8.
fxe5 Ng4 9. Bf4 Rg8 10. h3 Nh6 11. g4 g5 12. Bh2 Bg6 13. c4 d4 14. Qb3 O-O-O
15. Qa3 b6 16. Qa6+ 1-0

[Event "SR 2. liga A 2016/2017"]
[Site "?"]
[Date "2017.11.26"]
[Round "4.1"]
[White "Gruca, Miroslav"]
[Black "Cech, Dominik"]
[Result "1/2-1/2"]
[WhiteElo "2179"]
[BlackElo "2157"]
[PlyCount "115"]
[EventDate "2017.??.??"]
[WhiteTeam "SK Senec"]
[BlackTeam "SK Doprastav Bratislava A"]

1. b3 e5 2. Bb2 Nc6 3. e3 d5 4. Bb5 Bd6 5. Nf3 Qe7 6. d4 e4 7. Ne5 Bd7 8. Nxd7
Qxd7 9. Be2 Nf6 10. c4 O-O 11. O-O Nd8 12. cxd5 Nxd5 13. Nc3 Nxc3 14. Bxc3 c6
15. d5 cxd5 16. g3 Nc6 17. Qxd5 Qe7 18. Rfd1 Rad8 19. Qf5 Be5 20. Bxe5 Qxe5 21.
Qxe5 Nxe5 22. Rd4 Rxd4 23. exd4 Nc6 24. Rd1 Rd8 25. d5 Ne7 26. Bc4 Nf5 27. f3
exf3 28. Kf2 Nd6 29. Kxf3 b5 30. Bd3 Rc8 31. Ke3 Kf8 32. Kd4 h6 33. Re1 Rc7 34.
b4 Rc8 35. Re2 Rc7 36. Rc2 Rxc2 37. Bxc2 Ke7 38. Kc5 f5 39. a4 bxa4 40. Bxa4 g5
41. Bd1 f4 42. gxf4 gxf4 43. Kc6 Nf5 44. Kc7 Nd6 45. Be2 Nf5 46. h3 Nd6 47. h4
Nf5 48. Bg4 Nd6 49. Bf3 Nb5+ 50. Kb7 Kd6 51. Be2 Nd4 52. Bc4 Nc2 53. b5 Na3 54.
Bf1 Kxd5 55. Kxa7 Nxb5+ 56. Bxb5 Ke5 57. Kb6 f3 58. Kc5 1/2-1/2

[Event "SR 2. liga A 2016/2017"]
[Site "?"]
[Date "2017.11.26"]
[Round "4.1"]
[White "Vrbova, Niki"]
[Black "Slacky, Stanislav"]
[Result "1/2-1/2"]
[WhiteElo "2188"]
[BlackElo "2144"]
[PlyCount "78"]
[EventDate "2017.??.??"]
[WhiteTeam "SK Doprastav Bratislava A"]
[BlackTeam "SK Senec"]

1. e4 Nf6 2. e5 Nd5 3. d4 d6 4. Nf3 dxe5 5. Nxe5 g6 6. Bc4 Be6 7. O-O Bg7 8.
Bb3 c6 9. Qe2 O-O 10. h4 Nd7 11. h5 gxh5 12. Qxh5 f6 13. Ng4 f5 14. Nh6+ Bxh6
15. Bxh6 Rf6 16. Nd2 Rg6 17. Nf3 N7f6 18. Qh4 Ng4 19. Bg5 Qf8 20. c4 Ndf6 21.
Bxf6 Rxf6 22. Ng5 Rh6 23. Nxe6 Rxh4 24. Nxf8 Kxf8 25. g3 Rh6 26. f3 Ne3 27.
Rfe1 f4 28. gxf4 Nf5 29. Re5 Nxd4 30. Kg2 Kf7 31. Rg5 Rf6 32. Rd1 h6 33. Rxd4
hxg5 34. fxg5 Rg8 35. c5+ e6 36. f4 Ke7 37. Kh3 Rf5 38. Re4 Rg6 39. Rb4 Rxc5
1/2-1/2

[Event "SR 2. liga A 2016/2017"]
[Site "?"]
[Date "2017.11.26"]
[Round "4.1"]
[White "Micek, Jaroslav"]
[Black "Polacik, Igor"]
[Result "1/2-1/2"]
[WhiteElo "2061"]
[BlackElo "2191"]
[PlyCount "26"]
[EventDate "2017.??.??"]
[WhiteTeam "SK Senec"]
[BlackTeam "SK Doprastav Bratislava A"]

1. d4 g6 2. Nf3 Nf6 3. c4 Bg7 4. Nc3 d5 5. Bg5 Ne4 6. Bh4 Nxc3 7. bxc3 c5 8. e3
cxd4 9. cxd4 Nc6 10. Rc1 O-O 11. cxd5 Qxd5 12. Bc4 Qa5+ 13. Qd2 Qxd2+ 1/2-1/2

[Event "SR 2. liga A 2016/2017"]
[Site "?"]
[Date "2017.11.26"]
[Round "4.1"]
[White "Petrik, Karol"]
[Black "Lesny, Stefan"]
[Result "1-0"]
[WhiteElo "2048"]
[BlackElo "2054"]
[PlyCount "93"]
[EventDate "2017.??.??"]
[WhiteTeam "SK Doprastav Bratislava A"]
[BlackTeam "SK Senec"]

1. c4 e5 2. Nf3 Nc6 3. Nc3 Nf6 4. d4 exd4 5. Nxd4 Bc5 6. Nb3 Be7 7. e4 d6 8.
Be2 O-O 9. O-O Re8 10. Be3 Bf8 11. f3 h6 12. Rc1 Ne5 13. Qd2 Be6 14. Nd5 c6 15.
Nf4 Qc7 16. Rfd1 Rad8 17. Nxe6 fxe6 18. Qc3 c5 19. Kh1 Nc6 20. Qe1 e5 21. Nd2
Qf7 22. Nb1 Nh5 23. Nc3 Nd4 24. Nd5 Nf6 25. Bd3 g5 26. Qg3 Bg7 27. Rf1 Nh5 28.
Qg4 Nf4 29. Bxf4 exf4 30. g3 fxg3 31. hxg3 Qe6 32. Qh5 Qf7 33. Qxf7+ Kxf7 34.
f4 gxf4 35. gxf4 Kg8 36. Rcd1 Rd7 37. Rd2 Rf8 38. Rg2 Rdf7 39. Rg6 Rd8 40. Rfg1
Kh8 41. R1g3 Nc6 42. f5 Ne5 43. Re6 Kh7 44. Be2 b6 45. Bh5 Rb7 46. f6 Bf8 47.
Re7+ 1-0

[Event "SR 2. liga A 2016/2017"]
[Site "?"]
[Date "2017.11.26"]
[Round "4.1"]
[White "Pusec, Pavel"]
[Black "Jelenciak, Jozef"]
[Result "1/2-1/2"]
[WhiteElo "1973"]
[BlackElo "1875"]
[PlyCount "27"]
[EventDate "2017.??.??"]
[WhiteTeam "SK Senec"]
[BlackTeam "SK Doprastav Bratislava A"]

1. c4 f5 2. Nc3 Nf6 3. d4 e6 4. Nf3 d5 5. Bg5 c6 6. Ne5 Be7 7. e3 O-O 8. Bd3
Bd7 9. O-O Re8 10. cxd5 cxd5 11. h3 Nc6 12. Nxc6 Bxc6 13. Qe2 Qd7 14. Bf4
1/2-1/2

[Event "SR 2. liga A 2016/2017"]
[Site "?"]
[Date "2017.11.26"]
[Round "4.2"]
[White "Bednar, Jan"]
[Black "Keresztes, Richard"]
[Result "0-1"]
[WhiteElo "2040"]
[BlackElo "2214"]
[PlyCount "72"]
[EventDate "2017.??.??"]
[WhiteTeam "SK Doprastav Bratislava B"]
[BlackTeam "DSC Potonska veza"]

1. e4 Nc6 2. Nf3 d6 3. d4 Nf6 4. Nc3 g6 5. Be2 Bg7 6. h3 O-O 7. Bg5 d5 8. Bxf6
exf6 9. exd5 Nb4 10. O-O Nxd5 11. Nxd5 Qxd5 12. c4 Qd6 13. Qd2 c6 14. Rfe1 Be6
15. Rad1 Rfd8 16. b3 h6 17. Qe3 Re8 18. Qc1 Rad8 19. d5 cxd5 20. c5 Qc7 21. Bb5
Bd7 22. Rxe8+ Rxe8 23. Bxd7 Qxd7 24. Qd2 Rd8 25. Nd4 f5 26. Qa5 Bxd4 27. Rxd4
a6 28. c6 bxc6 29. Qxa6 c5 30. Rd2 d4 31. Qc4 Qe6 32. Qd3 Qe4 33. f3 Qe1+ 34.
Kh2 Re8 35. b4 f4 36. Rd1 Qxb4 0-1

[Event "SR 2. liga A 2016/2017"]
[Site "?"]
[Date "2017.11.26"]
[Round "4.2"]
[White "Takacs, Laszlo"]
[Black "Macka, Oto"]
[Result "1/2-1/2"]
[WhiteElo "2241"]
[BlackElo "2027"]
[PlyCount "52"]
[EventDate "2017.??.??"]
[WhiteTeam "DSC Potonska veza"]
[BlackTeam "SK Doprastav Bratislava B"]

1. e4 e6 2. d4 d5 3. Nd2 Nc6 4. Ngf3 Nf6 5. e5 Nd7 6. c3 f6 7. exf6 Qxf6 8. Bd3
Bd6 9. O-O O-O 10. Qc2 h6 11. b4 e5 12. b5 Ne7 13. dxe5 Nxe5 14. Bb2 Nxd3 15.
Qxd3 c5 16. bxc6 bxc6 17. Qd4 Rb8 18. Qxf6 Rxf6 19. Nb3 Bg4 20. c4 Rf5 21. Nfd2
Be2 22. Rfc1 Bb4 23. Bd4 Ba3 24. Re1 Bxc4 25. Bxa7 Ra8 26. Bc5 Ng6 1/2-1/2

[Event "SR 2. liga A 2016/2017"]
[Site "?"]
[Date "2017.11.26"]
[Round "4.2"]
[White "Sosovicka, Jakub"]
[Black "Marosi, Csaba"]
[Result "1/2-1/2"]
[WhiteElo "2109"]
[BlackElo "2011"]
[PlyCount "57"]
[EventDate "2017.??.??"]
[WhiteTeam "SK Doprastav Bratislava B"]
[BlackTeam "DSC Potonska veza"]

1. e4 c5 2. Nf3 e6 3. d4 cxd4 4. Nxd4 Qb6 5. Nb3 Qc7 6. Nc3 a6 7. Bd3 Nf6 8.
O-O d6 9. f4 Nbd7 10. Qf3 b5 11. Bd2 Bb7 12. a3 g6 13. Rae1 Bg7 14. Qh3 O-O 15.
f5 exf5 16. exf5 Ne5 17. Ne4 Bxe4 18. Bxe4 Nxe4 19. Rxe4 Qxc2 20. Rh4 Qd3 21.
Rxh7 Qxh3 22. Rxh3 Nd7 23. Bc3 Bxc3 24. bxc3 Nf6 25. Nd4 Rae8 26. Rhf3 Kg7 27.
g4 g5 28. h4 Re4 29. hxg5 1/2-1/2

[Event "SR 2. liga A 2016/2017"]
[Site "?"]
[Date "2017.11.26"]
[Round "4.2"]
[White "Cibulka, Vladimir"]
[Black "Kosnac, Patrik"]
[Result "1-0"]
[WhiteElo "2152"]
[BlackElo "1878"]
[PlyCount "45"]
[EventDate "2017.??.??"]
[WhiteTeam "DSC Potonska veza"]
[BlackTeam "SK Doprastav Bratislava B"]

1. d4 d5 2. Nf3 Nf6 3. Bg5 Ne4 4. Bf4 Nd7 5. e3 e6 6. Nbd2 Ndf6 7. Nxe4 Nxe4 8.
Bd3 Bd6 9. Bxd6 cxd6 10. O-O O-O 11. c4 Nf6 12. cxd5 Nxd5 13. Qd2 Qf6 14. Rfb1
Bd7 15. e4 Nf4 16. e5 dxe5 17. dxe5 Qh6 18. Bxh7+ Kxh7 19. Qxd7 Qg6 20. g3 Nh3+
21. Kg2 Nf4+ 22. Kf1 Qe4 23. Ng5+ 1-0

[Event "SR 2. liga A 2016/2017"]
[Site "?"]
[Date "2017.11.26"]
[Round "4.2"]
[White "Gzib, David"]
[Black "Keresztes, Mark"]
[Result "1/2-1/2"]
[WhiteElo "1860"]
[BlackElo "2003"]
[PlyCount "70"]
[EventDate "2017.??.??"]
[WhiteTeam "SK Doprastav Bratislava B"]
[BlackTeam "DSC Potonska veza"]

1. e4 Nc6 2. d4 e5 3. Nf3 exd4 4. Bc4 Nf6 5. O-O d6 6. Nxd4 Nxd4 7. Qxd4 Be6 8.
Nc3 Be7 9. Nd5 O-O 10. Nxe7+ Qxe7 11. f3 h6 12. Bxe6 Qxe6 13. b3 Nd7 14. Bb2 f6
15. Rad1 b5 16. Qb4 Rfb8 17. Qc3 Rb7 18. Qc6 Rab8 19. Qd5 Qxd5 20. Rxd5 Re8 21.
Rfd1 a6 22. R5d2 Kf7 23. Bd4 a5 24. Kf2 Ne5 25. Bxe5 fxe5 26. Rd5 Ke6 27. R1d2
Rd8 28. Ke3 c6 29. R5d3 d5 30. exd5+ cxd5 31. f4 exf4+ 32. Kxf4 Rf7+ 33. Kg3
Rf5 34. c4 Rg5+ 35. Kh3 Rh5+ 1/2-1/2